Heuristické riešenie MRHS rovníc

Gespeichert in:
Bibliographische Detailangaben
1. Verfasser: Jahodka, Daniel (Verfasst von)
Weitere Verfasser: Zajac, Pavol (Betreuung Doktorarbeit)
Format: Manuskript Buch
Sprache:Slowakisch
Veröffentlicht: 2018
Schlagworte:
Online-Zugang:http://is.stuba.sk/zp/portal_zp.pl?podrobnosti=123698
Tags: Tag hinzufügen
Keine Tags, Fügen Sie das erste Tag hinzu!

MARC

LEADER 00000ntm a22000003a 4500
001 stuzp66500
003 SK-STU
005 20181203103457.1
007 ta
008 150427s2015----xo-----f-mn---000-0-slo-d
040 |a STU  |b slo 
041 0 |a slo 
044 |a xo 
100 1 |a Jahodka, Daniel  |u 035000  |4 aut  |U FEI Fakulta elektrotechniky a informatiky  |T FEI Ústav informatiky a matematiky  |X 80332  |U E050  |Y 816  |7 80332 
242 0 1 |a Heuristic solution of MRHS equations  |y eng 
245 1 0 |a Heuristické riešenie MRHS rovníc 
260 |c 2018 
300 |a 32 s., príl., DVD 
650 4 |a system of MRHS equations  |2 eng 
650 4 |a MRHS equation  |2 eng 
650 4 |a heuristic algorithm  |2 eng 
650 4 |a design pattern  |2 eng 
650 4 |a CLI program  |2 eng 
650 4 |a návrhový vzor  |2 slo 
650 4 |a CLI program  |2 slo 
650 4 |a heuristický algoritmus  |2 slo 
650 4 |a sústava MRHS rovníc  |2 slo 
650 4 |a MRHS rovnica  |2 slo 
700 1 |a Zajac, Pavol  |u 035000  |k Z1  |4 ths  |U FEI Fakulta elektrotechniky a informatiky  |T FEI Ústav informatiky a matematiky  |X 10218  |U E050  |Y 816  |7 A000010218 
856 4 |u http://is.stuba.sk/zp/portal_zp.pl?podrobnosti=123698 
996 |b 284ER02818  |c E*Bc- 2818  |l EE35  |s P  |a 0  |w stuzp66500_0001